000 00584nam a2200205 a 4500
001 000011839
005 20240530073912.0
008 091028s2003 dr 000 f spa d
020 _a999346161X
040 _aDO-SdBNP
_bspa
_cBNPHU
082 _aRD863.44
_bC298e
100 1 _aCarpio, José
_928008
245 1 0 _aEgle /
_cJosé Carpio.
260 _aSanto Domingo :
_bBúho,
_c2003.
300 _a348 p. ;
_c23 cm.
590 _aInventariado, 2020/MFF
650 0 _aNovela dominicana
_9223
650 0 _aLiteratura dominicana.
_967
910 _aValidado. Control de calidad MMOLINA
999 _c11513
_d11513